Regulatórne opatrenia v oblasti riadenia rizika bankových podnikateľských subjektov bakalárska práca
Guardado en:
| Autor principal: | |
|---|---|
| Autor Corporativo: | |
| Otros Autores: | |
| Formato: | Libro |
| Lenguaje: | eslovaco |
| Publicado: |
Bratislava
2013
|
| Etiquetas: |
Sin Etiquetas, Sea el primero en etiquetar este registro!
|
MARC
| LEADER | 00000nbm a2200000 4500 | ||
|---|---|---|---|
| 001 | 0174862 | ||
| 005 | 20170314103641.8 | ||
| 041 | 0 | |a slo | |
| 044 | |a SK | ||
| 245 | 1 | 0 | |a Regulatórne opatrenia v oblasti riadenia rizika bankových podnikateľských subjektov |b bakalárska práca |c Filip Hlavenka ; školiteľ: Erika Mária Jamborová |
| 264 | 1 | |a Bratislava |c 2013 | |
| 300 | |a 40 s. | ||
| 100 | 1 | |a Hlavenka, Filip | |
| 700 | 1 | |a Jamborová, Erika Mária | |
| 710 | 2 | |a Obchodná fakulta EU. Katedra medzinárodného obchodu | |